1101 1801 1006 1665 1564 1681 1700 1963 1423 1006 1271 1490 1054 1490 1671 1883 1565 1357 1658 1182 1995 1524 1398 1217 1921 1138 1510 1667 1768 1358 1679 1211 1924 1816 1591 1804 1861 1281 1815 1079 1723 1927 1847 1797 1750 1054 1395 1672 1835 1901 1485 1011 1032 1604 1791 1582 1901 1746 1101 1362 1698 1279 1682 1411 1439 1943 1016 1270 1246 1896 1558 1551 1986 1205 1840 1938 1984 1631 1167 1180 1354 1531 1076 1420 1677 1360 1794 1693 1208 1866 1466 1586 1018 1113 1258 1794 1417 1984 1126 BCNSPRNW ULIB Ver.6.0+V

เปลี่ยนเป็นภาษาไทย

Change to English
 แสดงรายละเอียดบรรณานุกรม
  กลับหน้าหลัก

Brief Record : Get Marc (ISO 2709) : E-mail record : QR code < ปิดหน้าต่าง
LEADER : 00000nam 2200000uu 4500
001    13399122797
003     ULIB
008    130927s2552||||th 000 0 tha d
020    ^a9786117078040
090    นว.^bภ21ร
100 0  ^aภาคินัย
245 10 ^aโรงมหรศพ /^cภาคินัย [นามแฝง]
260    ^aกรุงเทพฯ :^bโซฟา พับลิชชิ่ง,^c2552
300    ^a269 หน้า
945    ^p200^l0^i034044
999    ^aเกษร โพธิ์สุวรรณ
รายการนี้ยังไม่มีแท็ก
คุณยังไม่ได้ล็อกอิน คุณสามารถมีกิจกรรมร่วมกับเว็บไซต์ได้ แต่ต้องล็อกอินก่อน ::
  ล็อกอิน

รายการสื่อสารสนเทศ

ลำดับที่ ประเภท เลขเรียก/บาร์โค้ด สถานที่ สถานะ
1. นวนิยาย
นวนิยาย
นว. ภ21ร ฉ.1 
  Barcode: 034044
ห้องสมุดวิทยาเขตสวรรค์ประชารักษ์
►นวนิยาย
ถูกยืม กำหนดส่งวันที่ 15 ธันวาคม 2559
  จอง

รายการใกล้เคียง
    ผู้แต่ง [ภาคินัย]

BibComment


ยังไม่เคยถูกคอมเมนท์

คอมเมนท์ทรัพยากรรายการนี้
  คอมเมนท์: โรงมหรศพ ภาคินั..


 Copyright 2026. Bcnsprnw @Library